• 首页
  • 本馆介绍
  • 公告通知
  • 最新文献
  • 馆藏检索
  • 电子资源
  • 读者导购
  • 参考咨询
  • 我的图书馆
  • 登录
  • 详细信息显示
  • 放入我的书架
  • 预约/预借图书
  • 作者相关作品
  • 分类相关作品
  • 丛书相关作品
  • 出版社相关作品

书目信息

  • 表格格式
  • 工作单格式
  • 卡片格式
题名:
50天攻克BEC中级
    
 
作者: 宋文玲 主编
分册:   写作篇
出版信息: 大连   大连理工大学出版社  2018重印
页数: 153页
开本: 26cm
丛书名: 剑桥商务英语应试辅导用书
单 册:
中图分类: H31 , H315
科图分类:
主题词: 商务--shang wu--英语--自学参考资料 , 商务--shang wu--英语--写作--自学参考资料
电子资源:
ISBN: 978-7-5611-8291-8
000 01149nam 2200313 45
001 012001009517
005 20140102114725.0
010    @a978-7-5611-8291-8@dCNY22.80
099    @aCAL 012014063405
100    @a20140505d2014 em y0chiy50 ea
101 0  @achi@aeng
102    @aCN@b210000
105    @aak z 000yy
106    @ar
200 1  @a50天攻克BEC中级@A50 Tian Gong Ke Bec Zhong Ji@i写作篇@e10天@f宋文玲主编
210    @a大连@c大连理工大学出版社@d2018重印
215    @a153页@c图@d26cm
225 2  @a剑桥商务英语应试辅导用书@Ajian qiao shang wu ying yu ying shi fu dao yong shu
300    @a美森教育
330    @a本书的编写以时间为基点和线索, 但在全局的把握上, 更侧重结构的统一性和内容的实用性, 因此将10天的内容分为四大模块: 概览篇、公司内部信息沟通篇、商务信函与商务报告篇和总结篇。
410  0 @12001@a剑桥商务英语应试辅导用书
517 1  @a写作篇@Axie zuo pian
606 0  @a商务@Ashang wu@x英语@j自学参考资料
606 0  @a商务@Ashang wu@x英语@x写作@j自学参考资料
690    @aH31@v4
690    @aH315@v5
701  0 @a宋文玲@Asong wen ling@4主编
801  2 @aCN@b上海新华@c20191020
905    @b1188495-8@dH31@e1721@f4
    
    50天攻克BEC中级.写作篇:10天/宋文玲主编.-大连:大连理工大学出版社,2018重印
    153页:图;26cm.-(剑桥商务英语应试辅导用书)
    美森教育
    
    ISBN 978-7-5611-8291-8:CNY22.80
    本书的编写以时间为基点和线索, 但在全局的把握上, 更侧重结构的统一性和内容的实用性, 因此将10天的内容分为四大模块: 概览篇、公司内部信息沟通篇、商务信函与商务报告篇和总结篇。
●
相关链接 在E读中查询图书 在五车中查询图书 在当当中查询图书 在豆瓣中查询图书


正题名:50天攻克BEC中级     索取号:H31/1721         预约/预借

序号 登录号 条形码 馆藏地/架位号 状态 备注
1 1188495   211884950   第二样本阅览室/ [索取号:H31/1721] 在馆    
2 1188496   211884969   第四借阅区/ [索取号:H31/1721] 在馆    
3 1188497   211884978   第四借阅区/ [索取号:H31/1721] 在馆    
4 1188498   211884987   第四借阅区/ [索取号:H31/1721] 在馆    
唐山师范学院图书馆 欢迎您!
大连网信软件有限公司© 版权所有